| 000 | 03396cam a2200265 a 4500 | ||
|---|---|---|---|
| 003 | EG-GiCUC | ||
| 005 | 20250223032917.0 | ||
| 008 | 220207s2021 ua f m 000 0 ara d | ||
| 040 |
_aEG-GiCUC _bara _cEG-GiCUC |
||
| 041 | 0 | _aara | |
| 049 | _aاهداء | ||
| 097 | _aدكتوراه | ||
| 099 | _aCai01.34.Ph.D.2021.سن.ع | ||
| 100 | 0 | _aسنان عبدالله مجمل فتح سليمان | |
| 245 | 1 | 0 |
_aعبدالقاهر الجرجانى و منهجه فى تفسيره المسمى - درج الدرر فى تفسير الآى و السور / _cسنان عبدالله مجمل فتح سليمان ؛ إشراف محمد عبدالرحيم محمد |
| 260 |
_aالمنيا : _bسنان عبدالله مجمل فتح سليمان : _c2021 |
||
| 300 |
_a496 ورقة ؛ _c30سم |
||
| 502 | _aاطروحة (دكتوراه) - جامعة المنيا - كلية دار العلوم - قسم الشريعة | ||
| 520 | _aيعد كتاب درج الدرر فى تفسير الآى و السور للإمام عبدالقاهر الجرجانى من كتب التفسير القيمة الذى تم تحقيقه حديثا: فالكتاب ليس من المطولات المملة: و لا من المختصرات المخلة: بقد حوى الكتاب نقولا غزيرة عن عدد من أعلام التفسير: و الحديث: و الفقه: و اللغة: و النحو: و علم الكلام: و غيرها. تناولت الرسالة بعنوان: عبدالقاهر الجرجانى و منهجه فى تفسيره المسمى - درج الدرر فى تفسير الآى و السور: و تتكون الرسالة من مقدمة و تمهيد: و ستة فصول تتلوها خاتمة و فهارس: فأما المقدمة فقد تحدثت فيها عن مشكلة البحث و أهميته و أهدافه: و أسباب إختياره: و الدراسات السابقة: أما التمهيد فتناولت فيه معنى التفسير و المنهج لغة و اصطلاحا: و أمل الفصل الأول فقد تحدثت فيه عن الإمام عبدالقاهر الجرجانى و متفسيره: فى مبحثين: و تناولت فى الفصل الثانى مصادر الإمام عبدالقاهر الجرجانى: و ذلك فى أربعة مباحث: و ركزت فى الفصل الثاث على منهج الإمام عبدالقاهر الجرجانى فى تفسيره: و ذلك فى ثلاث مباحث: و جاء الفصل الرابع حول الرأى فى تفسير الإمام عبدالقاهر الجرجانى فى أربعة مباحث: ثم استعرضت فى الفصل الخامس أراء الإمام عبدالقاهر الجرجانى فى قضايا تتعلق بعلوم القرآن: و ذلك فى ثلاثة مباحث أيضا: ثم يأتى الفصل السادش حيث تحدثت فيه عن المنهج النقدى فى تفسير الإمام عبدالقاهر الجرجانى و ذلك فى ثلاث مباحث: أيضا. و من ثم ختمت البحث بأهم النتائج و التوصيات التى توصلت إليها: تليها الفهارس الفنية العامة للبحث | ||
| 700 | 0 |
_aمحمد عبدالرحيم محمد : _eمشرف |
|
| 856 | _uhttp://172.23.153.220/th.pdf | ||
| 905 |
_aEnas _eRevisor |
||
| 905 |
_aSamia _eCataloger |
||
| 942 |
_2ddc _cTH |
||
| 999 |
_c84130 _d84130 |
||